Представление документа в формате RUSMARC

ПолеНазваниеЗначение
  Тип записи a
  Библиографический уровень c
001 Контрольный номер RU/SLIB/B/208705541
005 Дата корректировки 20241023145358.0
010 Индекс ISBN __
d Цена 12-00
101 Язык документа __
a Язык текста rus
c Язык оригинала fre
200 Заглавие и сведения об ответственности 1_
a Заглавие Цветы зла
e Сведения, относящиеся к заглавию стихотворения : пер. с фр.
f Первые сведения об ответственности Ш. Бодлер
b Общее обозначение материала Текст
210 Выходные данные __
a Место издания М.
c Издательство Летопись
d Дата издания 1998
215 Физическое описание __
a Объем 300 с.
225 Серия __
a Серия Мир поэзии
606 Тематические рубрики __
a Основная рубрика Художественная литература
z Хронологическая подрубрика 19 в.
y Географическая подрубрика Франция
606 Тематические рубрики __
a Основная рубрика Литература Европы (произведения)
610 Ключевые слова __
a Ключевые слова французская литература; поэты; лирика; стихотворения
686 Индексы других классификаций __
2 Код системы rubbks
a Классификационный индекс 84(4Фра)-5
700 Автор _1
a Фамилия Бодлер
b Имя Ш.
g Полное личное имя Шарль
4 Код отношения 070
801 Источник записи _0
a Страна RU
b Организация Муниципальное бюджетное учреждение культуры "Централизованная библиотечная система" г. Сургут (Центральная городская библиотека им. А. С. Пушкина)
g Правила каталогизации ОБ/Бутенко
801 Источник записи _1
a Страна RU
b Организация Муниципальное бюджетное учреждение культуры "Централизованная библиотечная система" г. Сургут (Центральная городская библиотека им. А. С. Пушкина)
g Правила каталогизации ОБ/Бутенко
852 Данные о местонахождении __
j Шифр хранения 84(4Фра)-5
c Каталожный индекс 84(4Фра)-5
i Авторский знак Б 75
p Инвентарный номер 75611
901 Тип документа __
t Тип документа x
903 Характеристики (МАРС) __
a Дата передачи 20000621
969 Тип издания __
a Тип издания сборник
990 Данные о заказе (DOS) 00
j Количество экземпляров (DOS) 1
t N записи в КСУ для И/У (DOS) 200001